[Event "Match"]
[Site "www.echecsemail.com"]
[Date "2017.07.01"]
[Round "1"]
[White "Cal"]
[Black "Coraza"]
[WhiteElo "1730"]
[BlackElo "1810"]
[Result "0-1"]
[Round "1"]
1.d4 e6
2.a3 Ng8f6
3.Nb1c3 Bf8d6
4.h3 Nb8c6
5.Bc1g5 h6
6.Bg5h4 g5
7.Bh4g3 Bd6xg3
8.fxg3 d5
9.Ng1f3 b6
10.b4 a6
11.e3 a5
12.Bf1b5 Bc8d7
13.Bb5xc6 Bd7xc6
14.Nf3e5 Qd8d6
15.O-O Ke7
16.Rf1f3 h5
17.Qd1d3 axb4
18.Ne5xc6 Qd6xc6
19.Nc3b5 Ra8a5
20.a4 g4
21.hxg4 hxg4
22.Rf3f4 Nf6e4
23.Ra1f1 f5
24.Rf1b1 Ra5xa4
25.Qd3b3 Qc6xb5
26.Rf4f1 Ne4d2
27.Qb3b2 Nd2xf1
28.Rb1xf1 Qb5e2
29.Qb2b1 Qe2xe3
30.Rf1f2 Qe3xg3
31.Qb1b2 Qg3h2
32.Kf1 Qh2h1
33.Ke2 Kd7
34.Qb2b3 b5
35.c3 Ra4a3
36.Qb3xb4 Ra3a2
37.Ke3 Qh1c1
38.Kd3 Qc1d1
39.Ke3 Qd1e1
40.Kf4 Qe1xf2
41.Ke5 Qf2g3
42.Kf6 Qg3h4
43.Ke5 Ra2e2
44.Kf4 g3
45.Kf3 Qh4g4
{ resign }
0-1

[Event "Match"]
[Site "www.echecsemail.com"]
[Date "2017.07.01"]
[Round "1"]
[White "Bjonil60"]
[Black "Coraza"]
[WhiteElo "1450"]
[BlackElo "1810"]
[Result "0-1"]
[Round "1"]
1.d4 e6
2.Ng1f3 Ng8f6
3.e3 Bf8b4
4.c3 Bb4a5
5.b4 Ba5b6
6.Qd1e2 O-O
7.h3 Rf8e8
8.Qe2c4 d5
9.Qc4d3 Nf6e4
10.Nb1d2 Ne4xd2
11.Bc1xd2 Nb8d7
12.O-O-O g6
13.g3 a5
14.Qd3b5 c6
15.Qb5a4 Nd7f6
16.Nf3e5 Bc8d7
17.Qa4b3 a4
18.Qb3a3 Nf6e4
19.Qa3b2 Ne4xf2
20.Bf1g2 f6
21.Ne5f3 Nf2xd1
22.Rh1xd1 a3
23.Qb2b3 e5
24.dxe5 fxe5
25.Nf3h2 e4
26.Rd1f1 Bd7e6
27.Qb3c2 Be6d7
28.g4 Qd8c7
29.Rf1h1 Qc7b8
30.Rh1f1 Qb8xh2
31.Rf1f2 Qh2g1
32.Rf2f1 Qg1xg2
33.Qc2d1 Qg2xh3
34.Rf1h1 Qh3g3
35.Bd2e1 Bb6xe3
36.Kb1 Qg3g2
37.Rh1h4 Qg2b2

0-1

[Event "Match"]
[Site "www.echecsemail.com"]
[Date "2017.07.01"]
[Round "1"]
[White "Nimzo"]
[Black "Yangqi"]
[WhiteElo "2630"]
[BlackElo "2700"]
[Result "1-0"]
[Round "1"]
1.d4 Ng8f6
2.c4 g6
3.g3 Bf8g7
4.Bf1g2 d5
5.cxd5 Nf6xd5
6.e4 Nd5b6
7.Ng1e2 c5
8.d5 e6
9.O-O exd5
10.exd5 O-O
11.Ne2c3 Nb8a6
12.Nb1d2 Bc8f5
13.Nd2e4 h6
14.d6 Rf8e8
15.Bc1f4 Bf5d7
16.h4 Bd7c6
17.a4 Nb6c4
18.Ra1b1 Nc4e5
19.Nc3d5 Na6b4
20.Ne4xc5 Qd8xd6
21.Nd5xb4 Qd6xc5
22.Nb4xc6 Ne5xc6
23.b4 Qc5f5
24.Qd1d5 Qf5f6
25.Rf1e1 Re8xe1
26.Rb1xe1 Ra8d8
27.Qd5b5 Qf6b2
28.Qb5xb7 Qb2xb4
29.Qb7xb4 Nc6xb4
30.Re1b1 Bg7f8
31.Bf4e3 a6
32.a5 Kg7
33.Be3b6 Rd8d2
34.Rb1e1 g5
35.h5 Nb4d5
36.Re1e8 Rd2d1
37.Kh2 Nd5f6
38.Re8a8 Nf6g4
39.Kh3 Ng4e5
40.Bg2b7 Bf8b4
41.Ra8c8 g4
42.Kg2 Ne5f3
43.Bb7xf3  { time }
1-0

[Event "Match"]
[Site "www.echecsemail.com"]
[Date "2017.07.01"]
[Round "1"]
[White "Paco"]
[Black "Orae"]
[WhiteElo "1970"]
[BlackElo "1710"]
[Result "0-1"]
[Round "1"]
1.e4 e5
2.Ng1f3 Nb8c6
3.d4 exd4
4.Nf3xd4 Bf8c5
5.Nd4f5 Qd8f6
6.Bf1d3 g6
7.Nf5e3 Bc5xe3
8.Bc1xe3 Qf6xb2
9.Nb1d2 Qb2f6
10.O-O b6
11.a4 a5
12.Bd3b5 Nc6b4
13.f4 c6
14.Qd1f3 Ng8e7
15.e5 Qf6f5
16.Be3xb6 Nb4xc2
17.Nd2c4 O-O
18.Nc4d6 Qf5e6
19.Bb5c4 Ne7d5
20.Ra1a2 Nc2b4
21.Ra2e2 Qe6e7
22.Qf3g3 Nd5xb6
23.Bc4b3 Bc8a6
24.Nd6f5 Qe7c5
25.Qg3e3 Qc5xe3
26.Nf5xe3 Ba6xe2
27.Rf1e1 Be2d3
28.h3 Ra8e8
29.Ne3g4 Kg7
30.Ng4f6 Re8e7
31.Re1e3 d5
32.Re3g3 Bd3e4
33.Nf6h5 Kh6
34.Rg3g5 gxh5
{ resign }
0-1

[Event "Match"]
[Site "www.echecsemail.com"]
[Date "2017.07.01"]
[Round "1"]
[White "Mihaiiorga"]
[Black "Ketchuplover"]
[WhiteElo "2220"]
[BlackElo "1780"]
[Result "1/2-1/2"]
[Round "1"]
1.b3 d5
2.Bc1b2 Nb8d7
3.e3 Ng8f6
4.Ng1f3 e6
5.Bf1e2 Bf8e7
6.c4 O-O
7.Nb1c3 b6
8.d4 Bc8b7
9.O-O a6
10.Qd1c2 c5
11.cxd5 exd5
12.Ra1d1 Ra8c8
13.dxc5 Nd7xc5
14.Nf3d4 Rf8e8
15.f3 g6
16.e4 Qd8d6
17.exd5 { draw }
1/2-1/2

[Event "Match"]
[Site "www.echecsemail.com"]
[Date "2017.07.01"]
[Round "1"]
[White "Bjonil60"]
[Black "Cjood"]
[WhiteElo "1460"]
[BlackElo "1860"]
[Result "0-1"]
[Round "1"]
1.d4 Ng8f6
2.e3 d5
3.Nb1c3 a6
4.Ng1f3 Bc8f5
5.Nf3e5 Nb8c6
6.Bf1e2 Nc6xe5
7.O-O Ne5g6
8.Be2f3 c6
9.a3 e6
10.b3 Bf8d6
11.Bc1b2 Qd8c7
12.b4 b5
13.a4 Bd6xh2
14.Kh1 Bh2d6
15.Bb2a3 h5
16.Qd1e1 Bf5xc2
17.e4 dxe4
18.Bf3d1 Bc2d3
19.Rf1g1 Bd6h2
20.Nc3e2 Bh2xg1
21.Kxg1 Bd3xe2
22.Qe1xe2 Ng6f4
23.Qe2e1 Nf6g4
24.f3 Nf4d3
25.Qe1d2 Qc7h2
26.Kf1 Qh2h1
27.Ke2 Qh1xg2

0-1

[Event "Match"]
[Site "www.echecsemail.com"]
[Date "2017.07.01"]
[Round "1"]
[White "Ketchuplover"]
[Black "Drdoom"]
[WhiteElo "1770"]
[BlackElo "1610"]
[Result "1-0"]
[Round "1"]
1.Ng1f3 Nb8c6
2.d4 d5
3.Bc1f4 e6
4.c3 Bf8d6
5.Qd1d2 Qd8e7
6.a4 a5
7.g3 Ng8f6
8.Bf4xd6 Qe7xd6
9.Bf1g2 e5
10.dxe5 Nc6xe5
11.O-O  { time }
1-0

[Event "Match"]
[Site "www.echecsemail.com"]
[Date "2017.07.01"]
[Round "1"]
[White "Karlgrocer"]
[Black "Winston"]
[WhiteElo "2030"]
[BlackElo "1940"]
[Result "1-0"]
[Round "1"]
1.Ng1f3 d5
2.d4 Ng8f6
3.e3 e6
4.Bf1e2 Bf8b4
5.Bc1d2 Nb8c6
6.O-O Qd8d6
7.a3 Bb4a5
8.b4 Ba5b6
9.c4 dxc4
10.Be2xc4 Bc8d7
11.Bd2c3 O-O
12.Qd1c2 Nf6e4
13.Bc3b2 a5
14.b5 Nc6a7
15.Qc2xe4 Ra8b8
16.a4 Qd6b4
17.Qe4c2 Na7c8
18.Bb2a3 { resign }
1-0

[Event "Match"]
[Site "www.echecsemail.com"]
[Date "2017.07.01"]
[Round "1"]
[White "Drdoom"]
[Black "Azorau"]
[WhiteElo "1610"]
[BlackElo "1840"]
[Result "0-1"]
[Round "1"]
1.e4 e5
2.Ng1f3 Nb8c6
3.Bf1b5 Nc6d4
4.Nf3xd4 exd4
5.O-O c6
6.Bb5e2 d5
7.d3 Qd8e7
8.Rf1e1 Bc8e6
 { time }
0-1

[Event "Match"]
[Site "www.echecsemail.com"]
[Date "2017.07.01"]
[Round "1"]
[White "Ditto"]
[Black "Coraza"]
[WhiteElo "1670"]
[BlackElo "1810"]
[Result "0-1"]
[Round "1"]
1.e4 e5
2.Ng1f3 Ng8f6
3.Bf1c4 h6
4.Nb1c3 Bf8b4
5.Nf3xe5 O-O
6.d3 Bb4xc3
7.bxc3 Qd8e7
8.a4 d6
9.Ne5f3 Bc8g4
10.Bc1a3 c5
11.O-O Nb8d7
12.Ba3c1 Nd7e5
13.Bc4b3 Rf8d8
14.Bc1b2 Nf6h5
15.c4 Bg4xf3
16.gxf3 Qe7f6
17.Kh1 Qf6xf3
18.Qd1xf3 Ne5xf3
19.Kg2 Nf3h4
20.Kh1 Rd8f8
21.f4 f5
22.e5 Nh4g6
23.exd6 Nh5xf4
24.Bb2c1 Nf4e6
25.Rf1g1 Kf7
26.Bc1b2 Ra8d8
27.Rg1f1 Ng6h4
28.Bb2e5 Kg8
29.a5 Nh4g6
30.Be5g3 f4
31.Bg3e1 a6
32.Be1c3 Rd8xd6
33.Rf1g1 f3
34.Rg1xg6 Kh7
35.Ra1g1 f2
36.Rg1f1 Kxg6
37.Bc3d2 Rd6d4
38.Bd2e3 Rd4g4
39.Rf1xf2 Rf8xf2
40.Be3xf2 Ne6g5
41.Bf2xc5 Ng5f3
42.Bc5b6 Rg4h4
43.Bb6c7 Rh4g4
44.Bc7b6 Rg4h4
45.Bb6c7 Kf5
46.c5 Rh4g4
47.Bc7g3 h5
48.Bb3d5 Nf3d4
49.Bd5e4 Kf6
50.c3 Nd4e2
51.Be4xb7 h4
52.Bg3d6 Rg4g1
{ resign }
0-1

[Event "Match"]
[Site "www.echecsemail.com"]
[Date "2017.07.01"]
[Round "1"]
[White "Sonny1000"]
[Black "Iko"]
[WhiteElo "1410"]
[BlackElo "1620"]
[Result "0-1"]
[Round "1"]
1.d4 d5
2.Nb1c3 Ng8f6
3.f3 Nb8c6
4.a3 e5
5.Bc1g5 Nc6xd4
6.Bg5xf6 Qd8xf6
7.Nc3xd5 Qf6c6
8.a4 Qc6xd5
9.b3 Bc8e6
10.Ra1c1 O-O-O
11.Qd1d2 a5
12.b4 Qd5c4
13.bxa5 Qc4xa4
14.Qd2e3 Nd4xc2
15.Rc1xc2 Qa4xa5
16.Rc2c3 Bf8b4
17.Kf2 Bb4xc3
18.Qe3g5 Bc3e1
19.Ke3 Qa5c5
20.Ke4 Qc5d4
{ resign }
0-1

[Event "Match"]
[Site "www.echecsemail.com"]
[Date "2017.07.01"]
[Round "1"]
[White "Winston"]
[Black "Caspito"]
[WhiteElo "1910"]
[BlackElo "1920"]
[Result "0-1"]
[Round "1"]
1.e4 e5
2.Ng1f3 Nb8c6
3.Bf1b5 a6
4.Bb5xc6 dxc6
5.O-O Bc8g4
6.d3 Bf8d6
7.Nb1c3 b5
8.Bc1e3 Ng8e7
9.d4 Ne7g6
10.h3 Bg4xf3
11.Qd1xf3 O-O
12.Nc3e2 Ng6h4
13.Qf3g3 exd4
14.Be3g5 Bd6xg3
{ resign }
0-1

[Event "Match"]
[Site "www.echecsemail.com"]
[Date "2017.07.01"]
[Round "1"]
[White "86eamon"]
[Black "52maurice"]
[WhiteElo "1689"]
[BlackElo "1319"]
[Result "0-1"]
[Round "1"]
1.g3 e5
2.h4 d5
3.Ng1f3 f6
4.e3 Bc8g4
5.b3 e4
6.Bf1e2 Nb8c6
7.d3 Ng8e7
8.Nf3h2 Bg4xe2
9.Qd1xe2 g6
10.Nh2g4 Bf8g7
11.f3 f5
12.d4 h5
13.Ng4f2 exf3
14.Qe2xf3 Nc6b4
15.c4 Nb4c2
16.Kd1 Nc2xa1
17.Bc1b2 Na1xb3
18.axb3 Rh8f8
19.Nb1c3 Ne7c6
20.Qf3xd5 a5
21.Qd5e6 Nc6e7
22.Nc3d5 Ra8a6
23.Qe6xe7 Qd8xe7
24.Nd5xe7 a4
25.Bb2a3 axb3
26.Nf2d3 Ra6xa3
27.Rh1e1 Bg7h6
28.Ne7d5 Kd7
29.c5 c6
30.Nd5f4 Rf8a8
31.Kc1 Ra3a1
32.Kb2 Ra1xe1
33.Nd3xe1 g5
34.hxg5 Bh6xg5
35.Kxb3 Ra8e8
36.Ne1c2 Re8h8
37.Nf4g6 Rh8h6
38.Ng6e5 Kc7
39.Kb4 h4
40.g4 h3
41.Ne5f7 Rh6h4
42.Nf7xg5 h2
43.Ng5e6 Kb8
44.gxf5 h1Q
45.Kc3 b5
46.Ne6f4 Rh4h2
47.f6 Rh2h7
48.Nc2b4 Rh7f7
49.d5 Qh1c1
50.Kd4 Qc1c4
51.Ke5 Qc4xb4
52.d6 Qb4c4
53.d7 Rf7xd7
54.e4 Qc4xc5
55.Nf4d5 cxd5
56.f7 Rd7xf7
57.Ke6 Rf7h7
58.exd5 Qc5c8
59.Kd6 b4
60.Ke5 b3
61.d6 b2
62.d7 Qc8xd7
63.Kf6 b1R
64.Kg6 Qd7f7
65.Kg5 Rb1g1
{ resign }
0-1

[Event "Match"]
[Site "www.echecsemail.com"]
[Date "2017.07.01"]
[Round "1"]
[White "Fangshuo"]
[Black "Cjood"]
[WhiteElo "2110"]
[BlackElo "1960"]
[Result "1-0"]
[Round "1"]
1.e4 Ng8f6
2.e5 Nf6d5
3.Bf1c4 e6
4.d4 c6
5.Ng1f3 b5
6.Bc4xd5 cxd5
7.Nb1c3 a6
8.a4 b4
9.Nc3a2 Nb8c6
10.Bc1d2 a5
11.c3 bxc3
12.Na2xc3 Qd8b6
13.Nc3b5 Bf8b4
14.O-O Bc8a6
15.Bd2xb4 Nc6xb4
16.Nb5d6 Ke7
17.Rf1e1 Nb4d3
18.Re1e3 Nd3xb2
19.Qd1b1 Rh8b8
20.Qb1xh7 Rb8g8
21.Qh7h4 Kf8
22.Nf3g5 f6
23.Ng5h7 Ke7
24.Nh7xf6 { resign }
1-0

[Event "Match"]
[Site "www.echecsemail.com"]
[Date "2017.07.01"]
[Round "1"]
[White "Jacks"]
[Black "Pdebonis"]
[WhiteElo "2820"]
[BlackElo "2720"]
[Result "1/2-1/2"]
[Round "1"]
1.d4 Ng8f6
2.Bc1g5 Nf6e4
3.Bg5f4 c5
4.f3 Ne4f6
5.d5 Nf6h5
6.Bf4e3 e6
7.c4 exd5
8.cxd5 f5
9.Ng1h3 d6
10.Nb1c3 a6
11.a4 Nb8d7
12.Be3d2 g6
13.e4 Bf8g7
14.exf5 Nd7e5
15.Bf1e2 Bc8xf5
16.Nh3f2 O-O
17.O-O Qd8h4
18.Nc3e4 Qh4e7
19.Rf1e1 Ra8e8
20.Be2f1 Bf5xe4
21.Nf2xe4 Nh5f4
22.Qd1c2 c4
23.Bd2xf4 Rf8xf4
24.Kh1 { draw }
1/2-1/2

[Event "Match"]
[Site "www.echecsemail.com"]
[Date "2017.07.01"]
[Round "1"]
[White "Cjood"]
[Black "Gilliere"]
[WhiteElo "1920"]
[BlackElo "2150"]
[Result "1-0"]
[Round "1"]
1.d4 Ng8f6
2.Bc1f4 d6
3.c4 Nb8d7
4.Nb1c3 g6
5.Ng1f3 Bf8g7
6.Ra1c1 O-O
7.e4 Nf6h5
8.Bf4e3 b6
9.g4 Nh5f6
10.g5 Nf6e8
11.Qd1c2 Bc8b7
12.Bf1d3 e5
13.d5 f6
14.h4 fxg5
15.Nf3xg5 Kh8
16.h5 gxh5
17.Ng5e6 Qd8f6
18.Ne6xf8 Nd7xf8
19.Rh1xh5 Qf6f3
20.Bd3e2 Qf3g2
21.Rh5g5 Qg2h1
22.Kd2 Qh1h3
23.Be2g4 Qh3h2
24.Qc2b1 Ne8f6
25.Rc1h1 Qh2g2
26.Bg4h3 Qg2f3
27.Rg5f5 Nf6xe4
28.Nc3xe4 Qf3xf5
29.Bh3xf5 { resign }
1-0

[Event "Match"]
[Site "www.echecsemail.com"]
[Date "2017.07.01"]
[Round "1"]
[White "Calponas"]
[Black "Cjood"]
[WhiteElo "2040"]
[BlackElo "1970"]
[Result "0-1"]
[Round "1"]
1.e4 c5
2.Ng1f3 e6
3.d4 Nb8c6
4.d5 exd5
5.exd5 Qd8e7
6.Bf1e2 Nc6d8
7.O-O Qe7d6
8.c4 a6
9.Nb1c3 f5
10.g3 h6
11.Bc1f4 Qd6b6
12.Qd1d2 Ng8f6
13.Nf3e5 g5
14.Ne5g6 Rh8g8
15.Ng6xf8 gxf4
16.Ra1e1 Kxf8
17.Qd2xf4 Nd8f7
18.Qf4xf5 Rg8g5
19.Qf5c2 d6
20.Nc3a4 Qb6d8
21.f4 Rg5g7
22.Be2f3 b5
23.cxb5 axb5
24.Na4c3 b4
25.Nc3e4 Ra8xa2
26.Qc2b3 Ra2a5
27.Ne4d2 Bc8h3
28.Rf1f2 Qd8a8
29.Rf2e2 Ra5a1
30.Nd2b1 Bh3f5
31.Qb3e3 Ra1xb1
32.Qe3e7 Kg8
33.Qe7xf6 Rb1xe1
34.Re2xe1 Bf5d3
35.Bf3h5 Qa8xd5
36.Re1e8 Kh7
37.Bh5xf7 Qd5xf7
38.Qf6e5 Bd3b5
39.Qe5e4 Qf7g6
40.f5 Qg6xe8
41.Qe4xe8 Bb5xe8
{ resign }
0-1

[Event "1/16 Finale"]
[Site "www.chess-mail.com"]
[Date "2017.07.01"]
[Round "1"]
[White "Conde7"]
[Black "Bronstein70"]
[WhiteElo "2860"]
[BlackElo "2440"]
[Result "1-0"]
[Round "1"]
1.e4 e5
2.Ng1f3 Ng8f6
3.Nb1c3 Nb8c6
4.a3 a6
5.d4 exd4
6.Nf3xd4 d5
7.exd5 Nf6xd5
8.Nd4xc6 bxc6
9.Qd1d4 Bf8e7
10.Qd4xg7 Be7f6
11.Qg7g3 Nd5xc3
12.bxc3 Qd8e7
13.Bf1e2 Bc8g4
14.Qg3xg4 Bf6xc3
15.Bc1d2 Bc3xa1
16.O-O Ra8d8
17.Be2d3 h5
18.Qg4f3 Ba1e5
19.Rf1e1 Rd8d6
20.Bd2b4 Rh8h6
21.Bd3c4 a5
22.Bb4c5 Rh6g6
23.g3 h4
24.Qf3h5 Rg6g5
25.Qh5xh4 Rg5f5
26.Qh4e4 Qe7f6
27.f4 Rd6e6
28.Bc4xe6 Qf6xe6
29.fxe5 { resign }
1-0

[Event "1/128 Finale"]
[Site "www.chess-mail.com"]
[Date "2017.07.01"]
[Round "1"]
[White "Picifarkinca"]
[Black "Cjood"]
[WhiteElo "2040"]
[BlackElo "1880"]
[Result "0-1"]
[Round "1"]
1.e4 e5
2.Ng1f3 Nb8c6
3.Bf1c4 Ng8f6
4.d3 Bf8c5
5.O-O h6
6.c3 d6
7.b4 Bc5b6
8.h3 O-O
9.a4 a5
10.b5 Nc6e7
11.Qd1e2 Ne7g6
12.Kh2 Nf6h5
13.d4 exd4
14.Nf3xd4 Ng6f4
15.Qe2f3 Qd8h4
16.Bc1xf4 Nh5xf4
17.Qf3g3 Qh4f6
18.Ra1a2 Nf4h5
19.Qg3f3 Qf6e5
20.Kg1 Nh5f6
21.Rf1e1 Bb6xd4
22.cxd4 Qe5xd4
23.Qf3d3 Qd4e5
24.Nb1c3 c6
25.Ra2d2 d5
26.Bc4b3 dxe4
27.Nc3xe4 Nf6xe4
28.Qd3xe4 Qe5c3
29.Rd2d3 Qc3f6
30.Rd3g3 cxb5
31.Qe4e5 Qf6xe5
32.Re1xe5 bxa4
33.Bb3xa4 b6
34.Ba4c6 Ra8b8
35.Bc6b5 Bc8e6
36.Re5h5 Rb8d8
37.Rh5xh6 Rd8d5
38.Bb5f1 f6
39.Kh2 Kf7
40.Rh6h4 g5
41.Rh4h7 Kg6
42.Rh7b7 Rd5d6
43.Bf1b5 Be6c8
44.Rb7b8 Rf8d8
45.Rg3c3 Bc8f5
46.Bb5e8 Kh6
47.Rb8xd8 Rd6xd8
48.Be8b5 Rd8d2
49.Kg3 Kh5
50.Bb5e8 Bf5g6
51.Be8b5 Rd2b2
52.Bb5c6 b5
{ resign }
0-1

[Event "1/64 Finale"]
[Site "www.chess-mail.com"]
[Date "2017.07.01"]
[Round "1"]
[White "Emmanuel69"]
[Black "Pdebonis"]
[WhiteElo "1920"]
[BlackElo "2710"]
[Result "0-1"]
[Round "1"]
1.c4 e5
2.Nb1c3 Ng8f6
3.g3 Bf8b4
4.Bf1g2 O-O
5.d3 c6
6.Ng1f3 d5
7.cxd5 cxd5
8.Bc1d2 Nb8c6
9.a3 Bb4e7
10.O-O Bc8e6
11.Rf1e1 d4
12.Nc3e4 Nf6xe4
13.dxe4 a5
14.h3 Ra8a6
15.Ra1b1 Qd8d7
16.Kh2 Ra6b6
17.Bd2c1 Be7xa3
18.Qd1a4 Rb6b3
19.Nf3d2 b5
{ resign }
0-1

[Event "1/128 Finale"]
[Site "www.chess-mail.com"]
[Date "2017.07.01"]
[Round "1"]
[White "Guidom"]
[Black "Carebear"]
[WhiteElo "2090"]
[BlackElo "1809"]
[Result "0-1"]
[Round "1"]
1.e4 e5
2.Ng1f3 Nb8c6
3.Bf1b5 a6
4.Bb5xc6 dxc6
5.O-O Bc8g4
6.h3 h5
7.d3 Qd8f6
8.Bc1e3 Bg4xf3
9.Qd1xf3 Qf6xf3
10.gxf3 Ng8e7
11.f4 exf4
12.Be3xf4 O-O-O
13.Nb1c3 c5
14.Ra1d1 Ne7c6
15.Nc3d5 Nc6d4
16.c3 Rd8xd5
17.cxd4 Rd5xd4
18.Bf4e3 Rd4a4
19.a3 c4
20.d4 c3
21.bxc3 Ra4xa3
22.c4 Bf8b4
23.c5 Kd7
24.Kg2 b6
25.cxb6 cxb6
26.Rd1c1 Bb4c3
27.d5 b5
28.Be3c5 Ra3b3
29.f4 b4
30.e5 a5
31.Rf1f2 a4
32.Rf2a2 a3
33.Rc1c2 Rb3b2
34.Kf3 b3
35.Ra2xb2 axb2
{ resign }
0-1

[Event "1/128 Finale"]
[Site "www.chess-mail.com"]
[Date "2017.07.01"]
[Round "1"]
[White "Astroboy"]
[Black "Mitja"]
[WhiteElo "2210"]
[BlackElo "2000"]
[Result "1/2-1/2"]
[Round "1"]
1.e4 d5
2.exd5 Qd8xd5
3.Nb1c3 Qd5d8
4.d4 e6
5.Ng1f3 h6
6.Bf1c4 c6
7.Bc1f4 Ng8e7
8.Qd1d2 Ne7g6
9.Bf4e3 Nb8d7
10.O-O-O { draw }
1/2-1/2

[Event "Eq:Last King-Slap Shot Mates : "]
[Site "www.chess-mail.com"]
[Date "2017.07.01"]
[Round "1"]
[White "Leonger"]
[Black "Chessington"]
[WhiteElo "2450"]
[BlackElo "2500"]
[Result "0-1"]
[Round "1"]
1.e4 e6
2.d4 d5
3.e5 c5
4.c3 Bc8d7
5.Ng1f3 Nb8c6
6.Bf1e2 Ng8e7
7.O-O cxd4
8.cxd4 Ne7f5
9.Nb1c3 a6
10.a3 Ra8c8
11.Bc1e3 Bf8e7
12.Be2d3 Nf5xe3
13.fxe3 Nc6a5
14.Ra1c1 O-O
15.e4 dxe4
16.Nc3xe4 Rc8xc1
17.Qd1xc1 Bd7b5
18.Bd3xb5 axb5
19.Qc1e3 b4
20.axb4 Be7xb4
21.Qe3d3 Bb4e7
22.Rf1d1 h6
23.Qd3b5 Qd8c7
24.Ne4c3 Na5c6
25.Kh1 Nc6b4
 { time }
0-1

[Event "Eq:Last King-Slap Shot Mates : "]
[Site "www.chess-mail.com"]
[Date "2017.07.01"]
[Round "1"]
[White "Chessington"]
[Black "Leonger"]
[WhiteElo "2500"]
[BlackElo "2450"]
[Result "1-0"]
[Round "1"]
1.Ng1f3 d5
2.g3 Bc8g4
3.Bf1g2 e6
4.c4 Nb8d7
5.Qd1b3 Nd7c5
6.Qb3e3 Ng8f6
7.d4 Nc5d7
8.Qe3b3 dxc4
9.Qb3xb7 Ra8b8
10.Qb7c6 Bf8d6
11.Nb1d2 O-O
12.Nd2xc4 Bd6b4
13.Bc1d2 Bg4xf3
14.Bg2xf3 Bb4xd2
15.Nc4xd2 e5
16.Nd2c4 Qd8e7
17.O-O exd4
18.Qc6xc7 Rf8c8
19.Qc7d6 Qe7xd6
20.Nc4xd6 Rc8c7
21.b3 Nd7e5
22.Bf3g2 Rc7d7
23.f4 Ne5g4
24.Nd6c4 Nf6d5
25.Rf1d1 Nd5e3
26.Bg2f3  { time }
1-0

[Event "Tourn. n9429"]
[Site "www.chess-mail.com"]
[Date "2017.07.02"]
[Round "1"]
[White "Orhany24"]
[Black "Xkafi"]
[WhiteElo "2190"]
[BlackElo "2050"]
[Result "1-0"]
[Round "1"]
1.e4 e5
2.Ng1f3 Qd8f6
3.d4 exd4
4.Qd1xd4 h6
5.Bf1c4 Nb8c6
6.Qd4d1 Bf8b4
7.c3 Bb4a5
8.O-O d6
9.h3 Qf6g6
10.Kh1 Nc6e5
11.Nf3xe5 dxe5
12.Bc1e3 Qg6xe4
13.Nb1d2 Qe4c6
14.Qd1h5 Bc8e6
15.Qh5xe5 Ng8f6
16.Bc4xe6 fxe6
17.Nd2b3 Ba5b6
18.Be3xb6 axb6
19.Nb3d4 O-O
20.Nd4xc6 { resign }
1-0

[Event "Tourn. n9369"]
[Site "www.chess-mail.com"]
[Date "2017.07.02"]
[Round "1"]
[White "Falcoale"]
[Black "Bojan"]
[WhiteElo "1970"]
[BlackElo "1980"]
[Result "0-1"]
[Round "1"]
1.e4 e5
2.Ng1f3 d6
3.Bf1c4 h6
4.O-O Bf8e7
5.d4 exd4
6.Nf3xd4 Bc8d7
7.a3 Be7f6
8.f4 g6
9.e5 Bf6g7
10.Qd1f3 Ng8e7
11.Qf3xb7 Nb8c6
12.Nd4xc6 Bd7xc6
13.Qb7b3 d5
14.Bc4d3 Ra8b8
15.Qb3c3 O-O
16.Rf1d1 Qd8d7
17.Bd3e2 Rb8d8
18.Qc3e1 f6
19.Nb1c3 fxe5
20.fxe5 h5
21.Bc1g5 Rf8f5
22.Bg5h4 Bg7xe5
23.Be2d3 Be5d4
24.Kh1 Rd8e8
25.Bd3xf5 Ne7xf5
26.Qe1d2 Bd4e3
27.Qd2d3 Nf5xh4
28.Nc3xd5 Qd7e6
29.Nd5xe3 Qe6xe3
30.Qd3c4 Kh7
31.Qc4xh4 Qe3e2
32.Rd1g1 Bc6e4
33.Ra1c1 Qe2d2
34.Rc1e1 Be4xg2
35.Rg1xg2 Re8xe1
36.Qh4xe1 Qd2xe1
37.Rg2g1 Qe1d2
{ resign }
0-1

[Event "Match"]
[Site "www.echecsemail.com"]
[Date "2017.07.02"]
[Round "1"]
[White "Cal"]
[Black "Azocarwagner"]
[WhiteElo "1670"]
[BlackElo "1899"]
[Result "1-0"]
[Round "1"]
1.c4 Ng8f6
2.d4 d5
3.c5 Nb8c6
4.h3 Bc8f5
5.Ng1f3 Nc6b4
6.Bc1d2 Nb4c2
7.Qd1xc2 Bf5xc2
8.Nb1c3 g6
9.e3 Bf8g7
10.a3 c6
11.Bf1e2 Bc2e4
12.Nf3e5 Be4xg2
13.Rh1h2 Bg2e4
14.Nc3xe4 dxe4
15.b4 Nf6g8
16.Ne5g4 Ng8f6
17.Be2c4 O-O
18.Ke2 Qd8c7
19.Rh2g2 b5
20.Bc4b3 h5
21.Ng4xf6 Bg7xf6
22.Ra1g1 a5
23.bxa5 e5
24.Rg2xg6 Kh7
25.Rg6xf6 Kh8
26.Rf6h6 { resign }
1-0

[Event "Match"]
[Site "www.echecsemail.com"]
[Date "2017.07.02"]
[Round "1"]
[White "Jwc"]
[Black "Micheles"]
[WhiteElo "1209"]
[BlackElo "2500"]
[Result "0-1"]
[Round "1"]
1.d4 Ng8f6
2.c4 g6
3.e3 Bf8g7
4.Ng1e2 O-O
5.g3 d5
6.cxd5 Qd8xd5
7.Rh1g1 Qd5h5
 { time }
0-1

[Event "Match"]
[Site "www.echecsemail.com"]
[Date "2017.07.02"]
[Round "1"]
[White "Vgrynyuk"]
[Black "Nimzo"]
[WhiteElo "2610"]
[BlackElo "2880"]
[Result "1/2-1/2"]
[Round "1"]
1.e4 e5
2.Ng1f3 Nb8c6
3.Bf1b5 Ng8f6
4.O-O Nf6xe4
5.d4 Ne4d6
6.Bb5xc6 dxc6
7.dxe5 Nd6f5
8.Qd1xd8 Kxd8
9.Nb1c3 Ke8
10.h3 h5
11.Bc1f4 Bf8e7
12.Ra1d1 Bc8e6
13.Nf3g5 Rh8h6
14.g3 Be6c4
15.Rf1e1 Rh6g6
16.h4 Ra8d8
17.b3 Bc4e6
18.Rd1xd8 Kxd8
19.Ng5xe6 Rg6xe6
20.Re1d1 Ke8
21.Kf1 Be7b4
22.Nc3e2 Bb4e7
23.Rd1d3 c5
24.c4 Be7d8
25.Ne2g1 Re6a6
26.a4 Ra6e6
27.Ng1f3 c6
28.Bf4d2 Nf5d4
{ draw }
1/2-1/2

[Event "Tourn. n9356"]
[Site "www.chess-mail.com"]
[Date "2017.07.03"]
[Round "1"]
[White "Hansen"]
[Black "Passaroa25"]
[WhiteElo "1590"]
[BlackElo "1630"]
[Result "0-1"]
[Round "1"]
1.e4 c6
2.Nb1c3 d6
3.h3 Bc8e6
4.Ng1f3 f6
5.d4 Be6f7
6.d5 e5
7.dxc6 bxc6
8.g4 Ng8e7
9.Bc1e3 Ne7g6
10.Qd1d2 Bf8e7
11.g5 Nb8d7
12.gxf6 gxf6
13.h4 h5
14.b4 O-O
15.Rh1g1 Kh7
16.Bf1e2 Qd8b8
17.a3 Nd7b6
18.Ra1b1 Nb6c4
19.Be2xc4 Bf7xc4
20.Rg1g3 Bc4f7
21.Qd2d3 Rf8g8
22.a4 Qb8c7
23.b5 Ng6f4
24.Be3xf4 exf4
25.e5 Bf7g6
26.Qd3d4 Bg6f7
27.exf6 c5
28.Qd4e4 Bf7g6
29.Qe4e2 Be7xf6
30.Nc3d5 Qc7f7
31.Nd5xf4 Bf6c3
32.Kf1 Qf7xf4
33.Rb1d1 Ra8e8
34.Nf3g5 Kh6
35.Qe2f3 Qf4xh4
36.Qf3f6 Bc3xf6
37.Ng5f3 Qh4c4
38.Kg1 Bf6e5
39.Nf3g5 Be5xg3
40.fxg3 Kxg5
{ resign }
0-1

[Event "Tourn. n9379"]
[Site "www.chess-mail.com"]
[Date "2017.07.03"]
[Round "1"]
[White "Prize64"]
[Black "Xkafi"]
[WhiteElo "2170"]
[BlackElo "2020"]
[Result "1-0"]
[Round "1"]
1.e4 e5
2.Ng1f3 Nb8c6
3.Bf1c4 Bf8c5
4.c3 d6
5.O-O h6
6.d3 Ng8f6
7.h3 Nc6a5
8.Bc4b5 c6
9.Bb5a4 b5
10.Ba4c2 Bc5b6
11.Nb1d2 O-O
12.Rf1e1 Bc8e6
13.Nd2f1 d5
14.Nf3xe5 dxe4
15.dxe4 Qd8e7
16.b4 Na5c4
17.Ne5xc6 Qe7b7
18.Nc6d4 Rf8d8
19.e5 Nf6d5
20.Qd1d3 g6
21.Nd4xe6 fxe6
22.Qd3xg6 Qb7g7
23.Qg6xe6 Qg7f7
24.Bc2h7 Kg7
25.Bc1xh6 Kxh7
26.Qe6xf7 Kxh6
27.Re1e4 Rd8g8
28.Re4h4 { resign }
1-0

[Event "Tourn. n9429"]
[Site "www.chess-mail.com"]
[Date "2017.07.03"]
[Round "1"]
[White "Astroboy"]
[Black "Cjood"]
[WhiteElo "2160"]
[BlackElo "2000"]
[Result "1-0"]
[Round "1"]
1.e4 e5
2.f4 exf4
3.Ng1f3 Bf8c5
4.d4 Bc5b4
5.c3 Bb4a5
6.Bc1xf4 Ng8e7
7.Bf1c4 O-O
8.Nb1d2 d6
9.O-O Bc8d7
10.h4 b5
11.Bc4b3 Ne7g6
12.Bf4g5 Qd8e8
13.h5 Ng6e7
14.h6 Bd7e6
15.hxg7 Kxg7
16.e5 Be6xb3
17.axb3 Nb8c6
18.Bg5f6 Kg8
19.Nf3g5 Ne7d5
20.Qd1h5 Nd5xf6
21.Rf1xf6 { resign }
1-0

[Event "Tourn. n9333"]
[Site "www.chess-mail.com"]
[Date "2017.07.03"]
[Round "1"]
[White "Pachi"]
[Black "Passaroa25"]
[WhiteElo "1570"]
[BlackElo "1630"]
[Result "1-0"]
[Round "1"]
1.e4 c6
2.c3 d6
3.d4 e6
4.Ng1f3 h6
5.e5 d5
6.h4 Ng8e7
7.g4 Nb8d7
8.g5 h5
9.Bf1e2 Ne7g6
10.b3 Bf8e7
11.c4 O-O
12.cxd5 exd5
13.a3 Nd7b6
14.Bc1d2 Bc8e6
15.Bd2a5 Qd8d7
16.Ba5xb6 axb6
17.b4 b5
18.O-O Ng6f4
19.a4 Be7xb4
20.Kh2 Be6g4
21.Kg3 Nf4h3
22.Nb1d2 Bg4e6
23.Qd1c2 g6
24.Rf1h1 Bb4e7
25.Be2f1 b4
26.Bf1xh3 Be6f5
27.Bh3xf5 gxf5
28.Kf4 Qd7e6
29.a5 Ra8a6
30.Ra1a4 b5
31.axb6 Ra6xb6
32.Ra4a7 Kg7
33.Qc2a4 Kg6
34.Qa4a5 Rb6b5
35.Qa5c7 Rf8e8
36.Ra7a6 Kg7
37.Ra6xc6 b3
38.Rc6xe6 fxe6
39.Qc7c6 Rb5b4
40.Qc6xe6 b2
41.Qe6xf5 b1Q
42.Nd2xb1 Re8f8
43.Nb1c3 Rf8xf5
44.Kxf5 Rb4b3
45.Rh1c1 Be7b4
46.Nc3xd5 Rb3xf3
47.Ke6 Bb4f8
48.Rc1c7 Kg6
49.Rc7c2 Rf3f7
50.f4 Rf7f5
51.Rc2c8 Bf8g7
52.Nd5e7 { resign }
1-0

[Event "Tourn. n9393"]
[Site "www.chess-mail.com"]
[Date "2017.07.03"]
[Round "1"]
[White "Castletyme"]
[Black "Balbyns"]
[WhiteElo "1990"]
[BlackElo "1990"]
[Result "0-1"]
[Round "1"]
1.e4 e5
2.Ng1f3 Nb8c6
3.Bf1b5 Ng8f6
4.Bb5xc6 dxc6
5.d3 Bf8c5
6.Bc1g5 Qd8d6
7.Bg5xf6 Qd6xf6
8.O-O Bc8e6
9.Nb1d2 O-O-O
10.Nd2b3 Bc5b6
11.Nb3d2 h5
12.b3 g5
13.Nf3e1 h4
14.h3 Rd8g8
15.Nd2c4 Bb6d4
16.Ra1b1 g4
17.hxg4 Be6xg4
18.Qd1d2 h3
19.g3 Bg4f3
20.Ne1xf3 Qf6xf3
21.Nc4d6 cxd6
{ resign }
0-1